The SLY fox and red hen [
| Format: | Book |
|---|---|
| Published: |
Loughborough :
Ladybird Video ,
1988
|
| Subjects: |
MARC
| LEADER | 00000cam a2200000 7i4500 | ||
|---|---|---|---|
| 001 | 0000000251 | ||
| 002 | 000000321 | ||
| 005 | 20000330.0 | ||
| 020 | |a 000000321 | ||
| 090 | 0 | 0 | |a JF |b SLY |
| 245 | 0 | 4 | |a The SLY fox and red hen [ |h videorecording] |
| 260 | |a Loughborough : |b Ladybird Video , |c 1988 | ||
| 300 | |a 1 videocassette VHS (40:00 min) : |b Col.(PAL) | ||
| 650 | 0 | 0 | |a Animal folklore |
| 999 | |a PV0189 |b VIDEO |c JUNIOR REFERENCE |e PERPUSTAKAAN KOMUNITI PETALING JAYA | ||